[Event "Int. Stuttgarter Stadtmeisterschaft C"]
[Site "Ditzingen"]
[Date "2016.05.07"]
[Round "5.22"]
[White "Drianis, Anton"]
[Black "Küfner, Matthias"]
[Result "1-0"]
[WhiteElo "1296"]
[BlackElo "824"]
[PlyCount "78"]
[EventDate "2016.??.??"]
[WhiteTeam "SK Gerlingen"]
[BlackTeam "SV Dicker Turm Esslingen"]

1. d4 d5 2. c4 c6 3. Nc3 Bf5 4. e3 e6 5. Nf3 Nf6 6. Bd3 Bxd3 7. Qxd3 Nbd7 8.
O-O c5 9. Re1 Be7 10. cxd5 exd5 11. e4 c4 12. Qe2 Nb6 13. Bg5 O-O 14. e5 Nh5
15. Bxe7 Qxe7 16. a4 Nf4 17. Qd2 Nd3 18. Re3 a5 19. Ne1 Nxe1 20. Raxe1 Qb4 21.
Qc2 Rfe8 22. e6 Rxe6 23. Rxe6 fxe6 24. Rxe6 Kf7 25. Qf5+ Kg8 26. Re2 Qf8 27.
Qe6+ Qf7 28. Qxb6 Re8 29. Kf1 Rxe2 30. Nxe2 h6 31. b3 Qf5 32. bxc4 Qc2 33. Qxa5
Qd1+ 34. Qe1 Qxa4 35. cxd5 Qd7 36. Nf4 Qb5+ 37. Kg1 Kf8 38. Ng6+ Kg8 39. g3
Qxd5 1-0

[Event "Int. Stuttgarter Stadtmeisterschaft C"]
[Site "Ditzingen"]
[Date "2016.05.07"]
[Round "5.25"]
[White "Hdya, Mohammad"]
[Black "Richter, Michael"]
[Result "0-1"]
[WhiteElo "823"]
[BlackElo "989"]
[PlyCount "70"]
[EventDate "2016.??.??"]
[WhiteTeam "SF Freiberg"]
[BlackTeam "TSV/RSK Esslingen"]

1. e4 c6 2. Nf3 d5 3. Nc3 dxe4 4. Nxe4 Bf5 5. Bd3 e6 6. Qe2 Be7 7. b3 Bf6 8.
Ba3 Bxa1 9. Nd6+ Kd7 10. Nxf7 Qe8 11. Nxh8 Ne7 12. O-O Bf6 13. Ne5+ Kc7 14.
Nef7 g6 15. Bd6+ Kd7 16. Bxf5 Nxf5 17. Re1 Nxd6 18. Nxd6 Kxd6 19. Qd3+ Kc7 20.
Qc4 e5 21. Nf7 Nd7 22. d4 b5 23. Qc3 Qxf7 24. Qa5+ Kb7 25. dxe5 Bxe5 26. c4 Bc7
27. Qb4 Bb6 28. Re2 Qf4 29. g3 Qf3 30. Qe7 Kc7 31. Rd2 Rd8 32. Qd6+ Kb7 33.
cxb5 cxb5 34. Qe7 Qc6 35. Qxh7 Qc1+ 0-1

[Event "Int. Stuttgarter Stadtmeisterschaft C"]
[Site "Ditzingen"]
[Date "2016.05.07"]
[Round "5.26"]
[White "Lin, Nathanael"]
[Black "Klein, Werner"]
[Result "0-1"]
[WhiteElo "756"]
[BlackElo "1090"]
[PlyCount "82"]
[EventDate "2016.??.??"]
[WhiteTeam "SC Sillenbuch"]
[BlackTeam "SV Stuttgart-Wolfbusch"]

1. e4 e5 2. Nf3 Nc6 3. Bc4 Be7 4. O-O Nf6 5. d3 O-O 6. Nc3 d6 7. Nd5 Na5 8.
Nxe7+ Qxe7 9. Bb5 c6 10. Bd2 cxb5 11. Bxa5 b6 12. Bb4 a5 13. Bd2 h6 14. d4 Nxe4
15. Be3 Rd8 16. Qd3 Bf5 17. Qxb5 Bd7 18. Qd5 Nf6 19. Qc4 e4 20. Nd2 d5 21. Qe2
Qe8 22. c4 Rdc8 23. f3 dxc4 24. Nxc4 Qe6 25. Rac1 b5 26. Ne5 b4 27. b3 Rf8 28.
Rc5 Nd5 29. Bf2 f6 30. fxe4 Nc3 31. Qf3 fxe5 32. Qd3 Qg6 33. dxe5 Bg4 34. Qc4+
Kh7 35. Rc6 Qh5 36. h3 Be2 37. Qc5 Bxf1 38. Qe7 Rae8 39. Qd7 Ne2+ 40. Kxf1 Ng3+
41. Ke1 Qe2# 0-1

[Event "Int. Stuttgarter Stadtmeisterschaft C"]
[Site "Ditzingen"]
[Date "2016.05.07"]
[Round "5.28"]
[White "Hoffmann, Simon"]
[Black "Wippermann, Tim"]
[Result "0-1"]
[WhiteElo "1013"]
[BlackElo "782"]
[PlyCount "84"]
[EventDate "2016.??.??"]
[WhiteTeam "Schach-Kids Bernhausen"]
[BlackTeam "SF Freiberg"]

1. e4 e5 2. Nf3 Nf6 3. Nxe5 d6 4. Nf3 Nxe4 5. d3 Nxf2 6. Kxf2 Nc6 7. Be2 d5 8.
d4 Bd6 9. Nc3 Be6 10. Bd3 O-O 11. Be3 Qd7 12. Qe2 Rae8 13. h3 Re7 14. Rag1 Rfe8
15. Nd1 a6 16. Ng5 h6 17. Nxe6 fxe6 18. c3 e5 19. Qd2 e4 20. Be2 Rf8+ 21. Ke1
Bg3+ 22. Nf2 Ref7 23. Rf1 Ne7 24. Bg4 Qb5 25. Be6 Nf5 26. Bxf7+ Rxf7 27. Bf4 e3
28. Qc1 e2 29. Rfg1 Bxf4 30. Qxf4 Qxb2 31. Qd2 Qb1+ 32. Nd1 Ng3 33. h4 h5 34.
a3 a5 35. a4 b6 36. Qxe2 Nxe2 37. Kxe2 Qc2+ 38. Ke3 Re7+ 39. Kf3 Qe4+ 40. Kf2
Rf7+ 41. Kg3 Qg4+ 42. Kh2 Qxh4# 0-1

[Event "Int. Stuttgarter Stadtmeisterschaft C"]
[Site "Ditzingen"]
[Date "2016.05.07"]
[Round "5.29"]
[White "Volpp, Hannes"]
[Black "Kappler, Roswitha"]
[Result "1-0"]
[WhiteElo "933"]
[BlackElo "725"]
[PlyCount "117"]
[EventDate "2016.??.??"]
[WhiteTeam "GSV Hemmingen"]
[BlackTeam "SG Fasanenhof"]

1. d4 d5 2. Nf3 Nf6 3. Bf4 Ne4 4. Nc3 Nc6 5. Nb5 Nd6 6. e3 a6 7. Nxd6+ cxd6 8.
Bd3 e6 9. O-O Be7 10. c3 O-O 11. Bc2 Bf6 12. Qd3 g6 13. Bh6 Bg7 14. Bg5 Ne7 15.
e4 f6 16. Be3 Qe8 17. exd5 exd5 18. Rfe1 Bf5 19. Qd2 Be6 20. Bh6 Nf5 21. Bxf5
gxf5 22. Nh4 Qh5 23. Qe2 Qxh4 24. Qxe6+ Rf7 25. Bxg7 Kxg7 26. Qxd6 Rg8 27. Qg3+
Qg5 28. Qxg5+ fxg5 29. Re5 Kg6 30. Rxd5 f4 31. f3 h5 32. Re1 Rfg7 33. Re6+ Kh7
34. Rdd6 Rg6 35. Rxg6 Rxg6 36. Rxg6 Kxg6 37. d5 Kf7 38. c4 b6 39. b3 Ke8 40.
Kf2 Kd7 41. b4 Kd6 42. Ke2 a5 43. a3 a4 44. Kd3 Ke5 45. Kc3 Kd6 46. Kd4 g4 47.
fxg4 h4 48. c5+ bxc5+ 49. bxc5+ Kc7 50. h3 Kb7 51. c6+ Kc7 52. Kc5 f3 53. gxf3
Kc8 54. d6 Kd8 55. c7+ Kc8 56. g5 Kb7 57. Kd5 Kb6 58. c8=Q Kb5 59. Qc3 1-0

[Event "Int. Stuttgarter Stadtmeisterschaft C"]
[Site "Ditzingen"]
[Date "2016.05.07"]
[Round "5.32"]
[White "Abdullah, Danyar"]
[Black "Schott, Stefano"]
[Result "1-0"]
[WhiteElo "733"]
[BlackElo "744"]
[PlyCount "77"]
[EventDate "2016.??.??"]
[WhiteTeam "SV Stuttgart-Wolfbusch"]
[BlackTeam "SF Nabern"]

1. e4 c5 2. Nc3 Nc6 3. Nf3 e6 4. Bb5 a6 5. Bxc6 bxc6 6. d3 Nf6 7. e5 Ng4 8. Bg5
f6 9. Be3 fxe5 10. Bg5 Be7 11. h3 Bxg5 12. hxg4 O-O 13. Ke2 Rb8 14. Qg1 Rxb2
15. Qh2 Rxc2+ 16. Nd2 Bxd2 17. Qxh7+ Kf7 18. Kd1 Bxc3 19. Kxc2 Bxa1 20. Rxa1 d5
21. Qh2 Qg5 22. Re1 g6 23. Re2 Kg7 24. Rxe5 Qf6 25. g5 Qe7 26. Qh6+ Kg8 27. Re3
Qg7 28. Qh4 e5 29. Qh2 Qh7 30. Qxe5 Qh1 31. Qc7 Qxg2 32. Rg3 Qxf2+ 33. Kb3 Rf4
34. Qxc8+ Kh7 35. Rh3+ Kg7 36. Qd7+ Rf7 37. Qe8 c4+ 38. Kb4 Qxa2 39. Qh8# 1-0

[Event "Int. Stuttgarter Stadtmeisterschaft C"]
[Site "Ditzingen"]
[Date "2016.05.07"]
[Round "6.1"]
[White "Hackner, Felix"]
[Black "Meißner, Mogens"]
[Result "1-0"]
[WhiteElo "1339"]
[BlackElo "1364"]
[PlyCount "133"]
[EventDate "2016.??.??"]
[WhiteTeam "SC Kreut"]
[BlackTeam "SK Bietigheim-Bissingen"]

1. e4 e5 2. Nf3 Nc6 3. Bc4 Nf6 4. d3 h6 5. a3 Bc5 6. O-O d6 7. b4 Bb6 8. Bb2
Bg4 9. Nbd2 O-O 10. c3 a6 11. Qc2 Qd7 12. Kh1 Nh5 13. d4 Nf4 14. d5 Ne7 15. Ne1
f5 16. f3 Bh5 17. Nd3 Nxd3 18. Bxd3 f4 19. c4 Be3 20. Nb3 g5 21. Bc1 Bxc1 22.
Raxc1 Kh8 23. c5 c6 24. cxd6 Qxd6 25. dxc6 bxc6 26. Rfd1 Qf6 27. Nc5 Be8 28.
Bxa6 h5 29. Qd3 g4 30. Qd6 gxf3 31. Qxf6+ Rxf6 32. gxf3 Rg6 33. Bc4 h4 34. Rd3
Kg7 35. Rg1 Rxg1+ 36. Kxg1 h3 37. Be6 Bf7 38. Bxh3 Ng6 39. Be6 Bxe6 40. Nxe6+
Kf6 41. Nc5 Nf8 42. a4 Ke7 43. Rd2 Rb8 44. Rb2 Rd8 45. b5 cxb5 46. axb5 Ne6 47.
Nxe6 Kxe6 48. b6 Rb8 49. b7 Kd6 50. h4 Kc7 51. Kh2 Rg8 52. b8=Q+ Rxb8 53. Rxb8
Kxb8 54. h5 Kc7 55. h6 Kc6 56. h7 Kc5 57. h8=Q Kd4 58. Kg2 Ke3 59. Qxe5 Kd3 60.
Kf2 Kc4 61. Qd5+ Kc3 62. Ke2 Kc2 63. Qc4+ Kb2 64. Kd2 Ka1 65. Qb4 Ka2 66. Kc3
Ka1 67. Qb2# 1-0

[Event "Int. Stuttgarter Stadtmeisterschaft C"]
[Site "Ditzingen"]
[Date "2016.05.07"]
[Round "6.2"]
[White "Jelisavac, Nenad"]
[Black "Dhaneesh Naduvilayil"]
[Result "0-1"]
[WhiteElo "1275"]
[BlackElo "1350"]
[PlyCount "84"]
[EventDate "2016.??.??"]
[WhiteTeam "Matt Inn Dortmund"]

1. c3 e5 2. Qc2 d5 3. d3 Nc6 4. e4 Nf6 5. Nf3 Be7 6. h3 h6 7. Be2 Be6 8. Be3
Qd7 9. Nbd2 Nh5 10. Nxe5 Nxe5 11. Bxh5 dxe4 12. Nxe4 Nxd3+ 13. Kf1 Bf5 14. Bf3
Ne5 15. Rd1 Qe6 16. Qa4+ c6 17. Be2 b5 18. Qc2 Nc4 19. Bxc4 Qxc4+ 20. Qe2 Qxe2+
21. Kxe2 Bxe4 22. f3 Bd5 23. Kf2 O-O 24. b3 Rfd8 25. Rhe1 Bf6 26. Rd3 Be6 27.
Red1 Rxd3 28. Rxd3 Rd8 29. Rxd8+ Bxd8 30. Bxa7 Bf6 31. Bd4 Bxd4+ 32. cxd4 b4
33. Ke3 Bd5 34. Kf4 Kf8 35. g4 Ke7 36. Ke3 Kf6 37. Kf4 g5+ 38. Ke3 Ke6 39. Kf2
f5 40. Ke3 f4+ 41. Ke2 Bxf3+ 42. Kxf3 Kd5 0-1

[Event "Int. Stuttgarter Stadtmeisterschaft C"]
[Site "Ditzingen"]
[Date "2016.05.07"]
[Round "6.3"]
[White "Hilger, Herbert"]
[Black "Thomas, Leonhard"]
[Result "1/2-1/2"]
[WhiteElo "1261"]
[BlackElo "1410"]
[PlyCount "34"]
[EventDate "2016.??.??"]
[WhiteTeam "SV Stuttgart-Wolfbusch"]
[BlackTeam "SV Fellbach"]

1. e4 e5 2. Nf3 Nc6 3. Bb5 Nf6 4. d3 Nd4 5. Nxd4 exd4 6. O-O c6 7. Bc4 d5 8.
exd5 Nxd5 9. Qf3 Be6 10. Re1 Be7 11. Nd2 O-O 12. Ne4 Nc7 13. Bxe6 Nxe6 14. Bd2
c5 15. c3 b6 16. c4 Rb8 17. b3 h6 1/2-1/2

[Event "Int. Stuttgarter Stadtmeisterschaft C"]
[Site "Ditzingen"]
[Date "2016.05.07"]
[Round "6.4"]
[White "Stecher, Oliver"]
[Black "Dietrich, Malte"]
[Result "0-1"]
[WhiteElo "1175"]
[BlackElo "1317"]
[PlyCount "48"]
[EventDate "2016.??.??"]
[WhiteTeam "SSV Zuffenhausen"]
[BlackTeam "Rochade Metzingen"]

1. e4 e6 2. Nc3 d5 3. exd5 exd5 4. d4 Nf6 5. Bd3 Nc6 6. Nge2 Nb4 7. O-O Be7 8.
Re1 Nxd3 9. Qxd3 O-O 10. a3 c6 11. Ng3 Re8 12. Bf4 Be6 13. f3 g6 14. Re2 h5 15.
h4 Kg7 16. Rc1 Bd6 17. Bxd6 Qxd6 18. Kf2 Qf4 19. Rxe6 fxe6 20. Nce2 Qh6 21. Qe3
Qxe3+ 22. Kxe3 e5 23. dxe5 Rxe5+ 24. Kf4 Rae8 0-1

[Event "Int. Stuttgarter Stadtmeisterschaft C"]
[Site "Ditzingen"]
[Date "2016.05.07"]
[Round "6.5"]
[White "Winkler, Robert"]
[Black "Lautner, Peter"]
[Result "1/2-1/2"]
[WhiteElo "1413"]
[BlackElo "1495"]
[PlyCount "130"]
[EventDate "2016.??.??"]
[WhiteTeam "SC Kreut"]
[BlackTeam "SC Kreut"]

1. e4 c5 2. Nc3 Nc6 3. Bb5 a6 4. Bxc6 bxc6 5. f4 e6 6. Nf3 g6 7. d3 Bg7 8. Be3
d6 9. O-O Ne7 10. Qe1 Bd7 11. Rb1 O-O 12. Qh4 h6 13. f5 Nc8 14. Bg5 f6 15. Bxh6
exf5 16. Bxg7 Kxg7 17. exf5 Bxf5 18. Rbe1 Qc7 19. Ne4 Qf7 20. b3 Bxe4 21. Qxe4
d5 22. Qe2 Nd6 23. Ng5 Qd7 24. Ne6+ Kf7 25. Nxf8 Rxf8 26. Qf2 f5 27. Qxc5 Rh8
28. Qd4 Rh7 29. Qg4 Kg7 30. Qg3 Rh8 31. Re2 Re8 32. Rfe1 Rxe2 33. Rxe2 Kf7 34.
Qh4 Ne8 35. a4 Nf6 36. Qf4 d4 37. Qb8 Nd5 38. Qa8 Ne3 39. Qxa6 f4 40. Qa5 Qg4
41. Qe1 f3 42. Rf2 Nxg2 43. Qe5 Nf4+ 44. Kf1 Nh3 45. Qg3 Nxf2 46. Kxf2 Qe6 47.
Qxf3+ Kg7 48. Qe2 Qd6 49. Ke1 c5 50. Kd1 Kh6 51. Qf2 g5 52. Qg3 Qd5 53. Kc1 Qf5
54. a5 c4 55. Qd6+ Kh5 56. bxc4 Qxa5 57. Qxd4 Qe1+ 58. Kb2 Qb4+ 59. Ka2 Qa4+
60. Kb1 Qb4+ 61. Qb2 Qe1+ 62. Ka2 Qa5+ 63. Qa3 Qd2 64. Qb2 Qa5+ 65. Qa3 Qd2
1/2-1/2

[Event "Int. Stuttgarter Stadtmeisterschaft C"]
[Site "Ditzingen"]
[Date "2016.05.07"]
[Round "6.6"]
[White "Stiefelmeyer, Michael"]
[Black "Liu, Sijia Anna"]
[Result "1-0"]
[WhiteElo "1214"]
[BlackElo "1419"]
[PlyCount "77"]
[EventDate "2016.??.??"]
[WhiteTeam "SF Nabern"]
[BlackTeam "SV Stuttgart-Wolfbusch"]

1. e4 c5 2. Nc3 Nc6 3. g3 g6 4. Bg2 Bg7 5. Nge2 e6 6. d3 Nge7 7. O-O O-O 8. Be3
b6 9. Qd2 Bb7 10. Bh6 Rb8 11. Bxg7 Kxg7 12. Nd1 d5 13. exd5 exd5 14. d4 Qd6 15.
Ne3 Rfd8 16. c3 Ba6 17. Rfe1 c4 18. Nf4 Bb7 19. Nfxd5 Nxd5 20. Bxd5 Na5 21.
Bxb7 Rxb7 22. Rad1 f5 23. f4 b5 24. Qc2 Nc6 25. Re2 Re8 26. Nxf5+ gxf5 27. Rxe8
Re7 28. Rxe7+ Qxe7 29. Kf2 Kf6 30. b3 Qf7 31. b4 Ne7 32. Qe2 Kg6 33. Qe5 Nd5
34. Rc1 Kh5 35. Ke2 Kg4 36. Kd2 Kh3 37. Rh1 Kg2 38. Qe1 Kf3 39. Qe2# 1-0

[Event "Int. Stuttgarter Stadtmeisterschaft C"]
[Site "Ditzingen"]
[Date "2016.05.07"]
[Round "6.7"]
[White "Leutschaft, Jonathan"]
[Black "Fechner, Andreas"]
[Result "1/2-1/2"]
[WhiteElo "1292"]
[BlackElo "1252"]
[PlyCount "30"]
[EventDate "2016.??.??"]
[WhiteTeam "SF Kornwestheim"]
[BlackTeam "SC Magstadt"]

1. e4 e5 2. Nf3 Nc6 3. Bc4 d6 4. Nc3 Nf6 5. h3 Be6 6. Bb3 Qd7 7. d3 h6 8. Be3
Be7 9. O-O O-O-O 10. Ba4 a6 11. Bxc6 Qxc6 12. d4 exd4 13. Nxd4 Qd7 14. Nde2 g5
15. Bd4 g4 1/2-1/2

[Event "Int. Stuttgarter Stadtmeisterschaft C"]
[Site "Ditzingen"]
[Date "2016.05.07"]
[Round "6.8"]
[White "Jünk, Ellen"]
[Black "Friedl, Bastian"]
[Result "1/2-1/2"]
[WhiteElo "1449"]
[BlackElo "1204"]
[PlyCount "28"]
[EventDate "2016.??.??"]
[WhiteTeam "SC Leinzell"]
[BlackTeam "SF Freiberg"]

1. e4 e5 2. Nf3 Nc6 3. d4 exd4 4. Nxd4 Nxd4 5. Qxd4 b6 6. Nc3 Bb7 7. Nd5 Bxd5
8. exd5 Nf6 9. Bc4 h6 10. Be3 Bc5 11. Qd2 Qe7 12. O-O Bxe3 13. Qxe3 Qxe3 14.
fxe3 O-O 1/2-1/2

[Event "Int. Stuttgarter Stadtmeisterschaft C"]
[Site "Ditzingen"]
[Date "2016.05.07"]
[Round "6.9"]
[White "Winterkorn, Nikolaus"]
[Black "Postler, Jonathan"]
[Result "1-0"]
[WhiteElo "1376"]
[BlackElo "1204"]
[PlyCount "95"]
[EventDate "2016.??.??"]
[WhiteTeam "DJK Sportbund Stgt."]
[BlackTeam "TSV/RSK Esslingen"]

1. Nf3 Nc6 2. d4 d5 3. Bf4 e6 4. a3 Bd6 5. Bg5 Nf6 6. e3 h6 7. Bxf6 Qxf6 8.
Nbd2 O-O 9. c4 b6 10. cxd5 exd5 11. b4 Bg4 12. Be2 a5 13. b5 Ne7 14. a4 Bb4 15.
O-O Bxd2 16. Qxd2 c6 17. Ne5 Bxe2 18. Qxe2 Qd6 19. Rfc1 Rfc8 20. h3 Ra7 21. Rc2
Ng6 22. Rxc6 Rxc6 23. Nxc6 Rc7 24. Qd3 Ne7 25. Nxe7+ Qxe7 26. Qd2 Qf6 27. Rc1
Qd6 28. f3 Qb4 29. Qd1 Rxc1 30. Qxc1 Qxa4 31. Qc8+ Kh7 32. Qf5+ g6 33. Qxf7+
Kh8 34. Qf6+ Kh7 35. Qxb6 Qb4 36. Qb7+ Kg8 37. Qb8+ Kg7 38. Qb7+ Kf6 39. Qc6+
Kg5 40. Qc5 Qxc5 41. dxc5 a4 42. b6 a3 43. b7 a2 44. b8=Q a1=Q+ 45. Kh2 Qc3 46.
Qd8+ Kh5 47. Qxd5+ g5 48. Qf5 1-0

[Event "Int. Stuttgarter Stadtmeisterschaft C"]
[Site "Ditzingen"]
[Date "2016.05.07"]
[Round "6.10"]
[White "Barna, Janos"]
[Black "Sinner, Arthur"]
[Result "0-1"]
[WhiteElo "1322"]
[BlackElo "1198"]
[PlyCount "146"]
[EventDate "2016.??.??"]
[WhiteTeam "SC Leinfelden"]
[BlackTeam "TSV/RSK Esslingen"]

1. e4 e6 2. d4 d5 3. e5 c5 4. c3 Nc6 5. Be3 Qb6 6. b3 cxd4 7. cxd4 Bb4+ 8. Ke2
Bd7 9. Nf3 Qc7 10. Nfd2 Nge7 11. a3 Ba5 12. Ke1 Nf5 13. b4 Bb6 14. Nb3 O-O 15.
Nc5 Bxc5 16. bxc5 b6 17. g4 Nxe3 18. fxe3 bxc5 19. Nc3 c4 20. Kf2 Rab8 21. Rb1
Rxb1 22. Qxb1 Rb8 23. Qa1 Qb7 24. Be2 Qb2 25. a4 Qxa1 26. Rxa1 a6 27. Rb1 Rxb1
28. Nxb1 Nb4 29. Nc3 Kf8 30. Ke1 Ke7 31. g5 Kd8 32. Kd2 Kc7 33. Bd1 Kb6 34. e4
Bc6 35. Ke3 Ka5 36. exd5 exd5 37. Kd2 Nd3 38. Bg4 Kb4 39. e6 fxe6 40. Bxe6 Nf4
41. Bg8 h6 42. gxh6 gxh6 43. Kc2 Bxa4+ 44. Kd2 Bc6 45. Kc2 a5 46. Na2+ Ka3 47.
Nc3 a4 48. Bf7 Kb4 49. Na2+ Ka5 50. Nc3 a3 51. h4 Ba4+ 52. Kd2 Bb3 53. h5 a2
54. Nxa2 Bxa2 55. Bg6 Kb4 56. Bf7 c3+ 57. Kc1 Nd3+ 58. Kc2 Bb3+ 59. Kxd3 c2 60.
Kd2 Kc4 61. Bg6 Kxd4 62. Bf7 Kc4 63. Bg6 Kb4 64. Bd3 c1=Q+ 65. Kxc1 Kc3 66. Bf5
d4 67. Bg4 d3 68. Bf3 d2+ 69. Kb1 d1=Q+ 70. Bxd1 Bxd1 71. Kc1 Bxh5 72. Kb1 Be2
73. Kc1 h5 0-1

[Event "Int. Stuttgarter Stadtmeisterschaft C"]
[Site "Ditzingen"]
[Date "2016.05.07"]
[Round "6.12"]
[White "Hammann, Peter"]
[Black "Maly, Jan"]
[Result "1-0"]
[WhiteElo "1062"]
[BlackElo "1268"]
[PlyCount "55"]
[EventDate "2016.??.??"]
[WhiteTeam "Rochade Metzingen"]
[BlackTeam "SF Kornwestheim"]

1. c4 e5 2. Nc3 Nf6 3. e4 Bc5 4. h3 Nc6 5. a3 a6 6. b4 Bd4 7. Qc2 d6 8. Bb2 Be6
9. d3 Qd7 10. Be2 Ne7 11. Nf3 Ng6 12. Nxd4 exd4 13. Nd5 Ng8 14. Bxd4 Bxd5 15.
cxd5 N8e7 16. Bxg7 Rg8 17. Bh6 f6 18. g3 Ne5 19. Bh5+ N7g6 20. f4 Nf7 21. Rc1
Rc8 22. Bg4 Nxh6 23. Bxd7+ Kxd7 24. Kf2 Nf7 25. a4 Ne7 26. b5 a5 27. Qb2 c6 28.
Qxf6 1-0

[Event "Int. Stuttgarter Stadtmeisterschaft C"]
[Site "Ditzingen"]
[Date "2016.05.07"]
[Round "6.14"]
[White "Günther, Niclas"]
[Black "Fekete, Jochen"]
[Result "1/2-1/2"]
[WhiteElo "1213"]
[BlackElo "1151"]
[PlyCount "55"]
[EventDate "2016.??.??"]
[WhiteTeam "SF Freiberg"]
[BlackTeam "Stuttgarter SF"]

1. e4 e6 2. d4 d5 3. e5 Ne7 4. Nf3 Nd7 5. Bb5 c6 6. Ba4 Ng6 7. O-O Be7 8. Nc3
b5 9. Bb3 a6 10. Ne2 c5 11. c3 Bb7 12. Bd2 Bc6 13. g3 Nb6 14. Qc1 Bd7 15. Bg5
O-O 16. dxc5 Nc8 17. Ned4 Qc7 18. Bxe7 Ncxe7 19. Bc2 Qxc5 20. b4 Qb6 21. Qd2
Nc6 22. Qd3 f5 23. exf6 Rxf6 24. Rae1 Nxd4 25. Nxd4 Rc8 26. g4 Nf8 27. f4 Qc7
28. Ne2 1/2-1/2

[Event "Int. Stuttgarter Stadtmeisterschaft C"]
[Site "Ditzingen"]
[Date "2016.05.07"]
[Round "6.15"]
[White "Richter, Michael"]
[Black "Drianis, Anton"]
[Result "0-1"]
[WhiteElo "989"]
[BlackElo "1296"]
[PlyCount "68"]
[EventDate "2016.??.??"]
[WhiteTeam "TSV/RSK Esslingen"]
[BlackTeam "SK Gerlingen"]

1. d4 d5 2. c4 e6 3. Nc3 Nf6 4. Bf4 Bb4 5. Nf3 O-O 6. e3 Bd6 7. Bxd6 Qxd6 8.
Bd3 Nbd7 9. O-O c6 10. b3 Re8 11. Re1 e5 12. e4 exd4 13. exd5 Rxe1+ 14. Qxe1
dxc3 15. Qxc3 Nf8 16. Qc2 g6 17. Qc3 Bg4 18. Bc2 Re8 19. h3 Bxf3 20. Qxf3 Qe5
21. Rb1 cxd5 22. c5 Ne6 23. b4 Nd4 24. Qd3 Ne2+ 25. Kh1 Nf4 26. Qd2 Ne4 27. Qe3
Qb8 28. Re1 Ng3+ 29. Qxg3 Rxe1+ 30. Kh2 Qe5 31. Qf3 Ne2+ 32. g3 Ng1 33. Qg2 Qc3
34. Bb3 Nf3+ 0-1

[Event "Int. Stuttgarter Stadtmeisterschaft C"]
[Site "Ditzingen"]
[Date "2016.05.07"]
[Round "6.17"]
[White "Hoffmann, Julian"]
[Black "Schäfer, Helmut"]
[Result "0-1"]
[WhiteElo "912"]
[BlackElo "1147"]
[PlyCount "114"]
[EventDate "2016.??.??"]
[WhiteTeam "Schach-Kids Bernhausen"]
[BlackTeam "TSV Münchingen"]

1. e4 e5 2. Nf3 d6 3. Bc4 Be7 4. d3 c6 5. c3 b5 6. Bb3 Bg4 7. h3 Bh5 8. Nbd2
Nd7 9. Nf1 Nc5 10. Ng3 Bxf3 11. Qxf3 Nxb3 12. axb3 Bg5 13. Bxg5 Qxg5 14. O-O
Qf6 15. Qe3 c5 16. Nh5 Qh6 17. Qf3 Ne7 18. Qg4 O-O 19. Ng3 Qd2 20. Qd7 Ng6 21.
Qxb5 Qxb2 22. Qc4 Nf4 23. Rfe1 Qc2 24. Rad1 Rfb8 25. Rb1 Qxd3 26. Qxd3 Nxd3 27.
Red1 Nf4 28. Rxd6 c4 29. Rd2 Rxb3 30. Rxb3 cxb3 31. Rb2 Rb8 32. Nf1 Nd3 33. Rb1
a5 34. Nd2 a4 35. Kf1 b2 36. Ke2 Nf4+ 37. Kf3 a3 38. Nc4 a2 39. Rxb2 Rxb2 40.
Nxb2 a1=Q 41. g3 Ne6 42. Nc4 Qxc3+ 43. Ne3 Nd4+ 44. Kg2 Qd3 45. h4 Qxe4+ 46.
Kh3 Qf3 47. Nf1 Qxf2 48. h5 Qxf1+ 49. Kh4 f6 50. h6 Qh1+ 51. Kg4 Qd1+ 52. Kh3
Qh5+ 53. Kg2 Qxh6 54. g4 e4 55. g5 Qxg5+ 56. Kf1 e3 57. Ke1 Qg1# 0-1

[Event "Int. Stuttgarter Stadtmeisterschaft C"]
[Site "Ditzingen"]
[Date "2016.05.07"]
[Round "6.20"]
[White "Gazitepe, Deniz"]
[Black "Kalwei, Reinhard"]
[Result "1-0"]
[WhiteElo "1028"]
[BlackElo "1453"]
[PlyCount "136"]
[EventDate "2016.??.??"]
[WhiteTeam "SV Altbach"]
[BlackTeam "SC Aidlingen"]

1. e4 c5 2. Bc4 e6 3. Nf3 Nc6 4. d3 a6 5. Bf4 d5 6. exd5 exd5 7. Qe2+ Be7 8.
Bb3 Na5 9. Nc3 Nxb3 10. axb3 Be6 11. O-O Nf6 12. Bg5 O-O 13. Na4 Qc7 14. Rfe1
Rfe8 15. Rac1 b5 16. Nc3 d4 17. Ne4 Nxe4 18. Qxe4 Bxg5 19. Nxg5 g6 20. Qh4 h5
21. Nxe6 fxe6 22. Qg5 Kg7 23. Re5 Qe7 24. Rxc5 Qxg5 25. Rxg5 Kf6 26. Rg3 Rac8
27. c4 dxc3 28. bxc3 e5 29. Rf3+ Kg7 30. h4 a5 31. c4 bxc4 32. dxc4 Rc5 33. Re3
e4 34. f3 Rce5 35. c5 Rc8 36. Rxe4 Rcxc5 37. Rec4 Rxc4 38. Rxc4 Re3 39. b4 axb4
40. Rxb4 Kf6 41. Rb6+ Kf5 42. Rb5+ Kf6 43. Kf2 Ra3 44. Rg5 Ra2+ 45. Ke3 Ra3+
46. Kf4 Ra4+ 47. Kg3 Ra3 48. Rb5 Rc3 49. Rb6+ Kf5 50. Rb8 Ke6 51. Rg8 Kf7 52.
Ra8 Ke6 53. Kf4 Rc5 54. g4 Rc4+ 55. Kg5 hxg4 56. fxg4 Kf7 57. Ra7+ Ke8 58. Rg7
Rc5+ 59. Kxg6 Rc6+ 60. Kf5 Kf8 61. Rg6 Rc5+ 62. Kf6 Rc4 63. h5 Rf4+ 64. Kg5 Ra4
65. h6 Ra7 66. Rf6+ Kg8 67. Kg6 Re7 68. Ra6 Re8 1-0

[Event "Int. Stuttgarter Stadtmeisterschaft C"]
[Site "Ditzingen"]
[Date "2016.05.07"]
[Round "6.21"]
[White "Volpp, Hannes"]
[Black "Höhne, Christoph"]
[Result "0-1"]
[WhiteElo "933"]
[BlackElo "1329"]
[PlyCount "68"]
[EventDate "2016.??.??"]
[WhiteTeam "GSV Hemmingen"]
[BlackTeam "SC Ingersheim"]

1. d4 d6 2. Nf3 Nf6 3. Bg5 Nbd7 4. e3 c6 5. Bd3 Qc7 6. O-O e5 7. Qe2 e4 8. Bxf6
Nxf6 9. Bc4 exf3 10. Qxf3 d5 11. Bd3 Bd6 12. g3 Bg4 13. Qg2 O-O 14. f3 Bd7 15.
Nd2 Rfe8 16. Rfe1 c5 17. e4 dxe4 18. fxe4 Bf8 19. e5 Ng4 20. Be4 cxd4 21. Qh3
Nh6 22. Qh5 Bg4 23. Qg5 Re6 24. Rf1 Rxe5 25. Qf4 Re7 26. Kg2 Qxf4 27. Rxf4 Rc8
28. c4 dxc3 29. bxc3 Rxc3 30. h3 Bd7 31. g4 f6 32. Bf3 Bc6 33. Be4 Rc2 34. Bxc6
Rxd2+ 0-1

[Event "Int. Stuttgarter Stadtmeisterschaft C"]
[Site "Ditzingen"]
[Date "2016.05.07"]
[Round "6.23"]
[White "Bierkant, Sinan"]
[Black "Reichmann, Bernd"]
[Result "1/2-1/2"]
[WhiteElo "928"]
[BlackElo "1084"]
[PlyCount "79"]
[EventDate "2016.??.??"]
[WhiteTeam "GSV Hemmingen"]
[BlackTeam "SV Fellbach"]

1. d4 d5 2. Nc3 Nf6 3. Bg5 e6 4. e3 a6 5. Bd3 Nc6 6. Nf3 Be7 7. O-O h6 8. Bh4
Nh7 9. Bxe7 Qxe7 10. e4 dxe4 11. Bxe4 O-O 12. Ne5 Nxe5 13. dxe5 Rd8 14. Bxh7+
Kxh7 15. Qf3 Rb8 16. Qe4+ g6 17. Rad1 b6 18. Rxd8 Qxd8 19. Rd1 Qe8 20. Rd3 Bb7
21. Qg4 Rd8 22. Qd1 Rxd3 23. Qxd3 a5 24. Ne4 Bxe4 25. Qxe4 Qd7 26. Qd3 Qd5 27.
b3 Qxe5 28. g3 Qd5 29. Qxd5 exd5 30. Kf1 Kg7 31. Ke2 Kf6 32. f4 Kf5 33. Kf3 h5
34. h3 Ke6 35. h4 f5 36. Ke3 c5 37. Kd3 b5 38. a4 bxa4 39. bxa4 Kd6 40. c3
1/2-1/2

[Event "Int. Stuttgarter Stadtmeisterschaft C"]
[Site "Ditzingen"]
[Date "2016.05.07"]
[Round "6.24"]
[White "Wippermann, Tim"]
[Black "Eid, Sami"]
[Result "0-1"]
[WhiteElo "782"]
[BlackElo "1062"]
[PlyCount "88"]
[EventDate "2016.??.??"]
[WhiteTeam "SF Freiberg"]
[BlackTeam "SF Freiberg"]

1. e4 e5 2. Nf3 Nc6 3. Nc3 Nf6 4. Bc4 Bc5 5. O-O O-O 6. d3 d6 7. Bg5 Be6 8. Nd5
Bxd5 9. exd5 Nd4 10. Nd2 h6 11. Bh4 b5 12. Ne4 g5 13. Nxf6+ Qxf6 14. Bg3 bxc4
15. dxc4 Rab8 16. b3 Qg6 17. c3 Nf5 18. Qc2 Nxg3 19. Qxg6+ fxg6 20. Rfe1 Nf5
21. g3 Rf6 22. Reb1 Rbf8 23. Rf1 h5 24. b4 Bb6 25. a4 a5 26. b5 h4 27. g4 Nh6
28. h3 Rf3 29. Kg2 Rxc3 30. c5 Bxc5 31. f3 Rc2+ 32. Kh1 Rc3 33. Kg2 Re8 34.
Rac1 Rd3 35. f4 gxf4 36. g5 Nf5 37. Rf3 Rxd5 38. Rfc3 Rd2+ 39. Kf3 Nd4+ 40. Ke4
Rf8 41. Kd5 Rf5 42. Rc4 Rxg5 43. Rh1 Re2 44. Rb1 e4# 0-1

[Event "Int. Stuttgarter Stadtmeisterschaft C"]
[Site "Ditzingen"]
[Date "2016.05.07"]
[Round "6.25"]
[White "Abdullah, Aran"]
[Black "Acar, Lukas"]
[Result "1-0"]
[WhiteElo "1038"]
[BlackElo "880"]
[PlyCount "59"]
[EventDate "2016.??.??"]
[WhiteTeam "SV Stuttgart-Wolfbusch"]
[BlackTeam "SF Birkenfeld"]

1. e4 e5 2. Nf3 Nc6 3. Nc3 Bc5 4. Bb5 Nf6 5. Bxc6 bxc6 6. Nxe5 d6 7. Nxc6 Qd7
8. Na5 Ng4 9. d4 Bb4 10. Nc4 Ba6 11. Qd3 Qe6 12. b3 d5 13. Bd2 dxc4 14. bxc4
Bxc4 15. Qg3 Bxc3 16. Bxc3 Qxe4+ 17. Kd1 Qe2+ 18. Kc1 Nxf2 19. Re1 Qxe1+ 20.
Bxe1 Ne4 21. Qxg7 Ke7 22. Qe5+ Be6 23. Qxe4 Rac8 24. Bb4+ Ke8 25. d5 c5 26. Ba5
f5 27. Qxe6+ Kf8 28. Qxc8+ Kg7 29. Bc3+ Kh6 30. Qxh8 1-0